[Event "AUTO-INT-1013"]
[Site "http://www.queenalice.com/game.php?id=453336"]
[Date "2008.8.25"]
[Round "1"]
[White "IsraelRibeiro"]
[Black "hooligan"]
[Result "0-1"]
[WhiteElo "1375"]
[BlackElo "1442"]

1. e3 e5 2. Qf3 a5 3. Bc4 f6 4. Nh3 Nh6 5. g4 Qe7 6. g5 fxg5 7. Rg1 Qc5 8. b3
Be7 9. Nxg5 Rf8 10. Qh5+ g6 11. Qxh6 a4 12. Qxh7 d5 13. Bd3 e4 14. Bxe4 dxe4 15.
Qxg6+ Kd8 16. Ne6+ Bxe6 17. Qxe6 Ra6 18. Qxe4 Rb6 19. h4 axb3 20. axb3 Bxh4 21.
Qxh4+ Rbf6 22. Nc3 Ke8 0-1

[Event "AUTO-INT-1013"]
[Site "http://www.queenalice.com/game.php?id=453351"]
[Date "2008.8.25"]
[Round "1"]
[White "IsraelRibeiro"]
[Black "leonard99"]
[Result "0-1"]
[WhiteElo "1344"]
[BlackElo "1573"]

1. e3 e5 2. Bc4 d5 3. Bb5+ c6 4. Ba4 Nf6 5. f4 Bg4 6. Ne2 exf4 7. exf4 Bd6 8. h3
Bf5 9. Nd4 Be4 10. Qe2 O-O 11. g4 Bxh1 12. g5 Re8 13. gxf6 Rxe2+ 14. Kxe2 Qe8+
15. Kf1 Qe4 16. c3 Bxf4 17. b3 Qg2+ 0-1

[Event "AUTO-INT-1013"]
[Site "http://www.queenalice.com/game.php?id=453352"]
[Date "2008.8.25"]
[Round "1"]
[White "leonard99"]
[Black "IsraelRibeiro"]
[Result "1-0"]
[WhiteElo "1502"]
[BlackElo "1466"]

1. d4 e6 2. e4 d5 3. e5 f6 4. f4 fxe5 5. Qh5+ g6 6. Qxe5 Nf6 7. g4 Bg7 8. g5 Nc6
9. Bb5 Kf7 10. Qe2 Nh5 11. Bxc6 bxc6 12. c3 h6 13. Nf3 Rb8 14. b3 hxg5 15. Nxg5+
Ke7 16. Ba3+ Kd7 17. Qxe6# 1-0

[Event "AUTO-INT-1013"]
[Site "http://www.queenalice.com/game.php?id=453353"]
[Date "2008.8.25"]
[Round "1"]
[White "IsraelRibeiro"]
[Black "Shortquick"]
[Result "0-1"]
[WhiteElo "1350"]
[BlackElo "1598"]

1. e3 d5 2. d3 Nf6 3. Nf3 Bg4 4. Be2 e6 5. Ne5 Bxe2 6. Qxe2 c5 7. g4 Nc6 8. Nxc6
bxc6 9. g5 Nd7 10. e4 Be7 11. f4 O-O 12. exd5 cxd5 13. Nc3 a6 14. h4 Bd6 15. b3
Rb8 16. h5 Qa5 17. Bd2 Bxf4 0-1

[Event "AUTO-INT-1013"]
[Site "http://www.queenalice.com/game.php?id=453354"]
[Date "2008.8.25"]
[Round "1"]
[White "Shortquick"]
[Black "IsraelRibeiro"]
[Result "1-0"]
[WhiteElo "1591"]
[BlackElo "1357"]

1. d4 e6 2. c4 d5 3. Nc3 dxc4 4. e4 Bb4 5. Bxc4 Qf6 6. Nf3 e5 7. Qa4+ Nc6 8.
Nxe5 b5 9. Bxb5 Ne7 10. Nxc6 Bd6 11. e5 Qf5 12. exd6 cxd6 13. Ne5+ Kf8 14. O-O
dxe5 15. dxe5 Qxe5 16. Be3 Qg5 17. Bxg5 1-0

[Event "AUTO-INT-1030"]
[Site "http://www.queenalice.com/game.php?id=460371"]
[Date "2008.9.8"]
[Round "1"]
[White "IsraelRibeiro"]
[Black "lebaracaldoAlucard"]
[Result "0-1"]
[WhiteElo "1362"]
[BlackElo "1694"]

1. e3 c5 2. Bc4 g6 3. Qf3 e6 4. b3 Bg7 5. c3 Ne7 6. Nh3 a6 7. Ng5 Nf5 8. e4 Qxg5
9. exf5 Qxf5 10. O-O Qxf3 0-1

[Event "AUTO-INT-1030"]
[Site "http://www.queenalice.com/game.php?id=460396"]
[Date "2008.9.8"]
[Round "1"]
[White "Romerflu"]
[Black "IsraelRibeiro"]
[Result "1-0"]
[WhiteElo "1537"]
[BlackElo "1451"]

1. e4 e6 2. Nf3 Qf6 3. d4 Nh6 4. Bxh6 gxh6 5. e5 Qf4 6. g3 Qe4+ 7. Qe2 f5 8. Nc3
Qxe2+ 9. Bxe2 Bg7 10. O-O b6 11. Nb5 Kd8 12. c4 a6 13. Nc3 b5 14. cxb5 1-0

[Event "AUTO-INT-1030"]
[Site "http://www.queenalice.com/game.php?id=460397"]
[Date "2008.9.8"]
[Round "1"]
[White "IsraelRibeiro"]
[Black "Romerflu"]
[Result "0-1"]
[WhiteElo "1438"]
[BlackElo "1550"]

1. e3 e5 2. Qf3 f6 3. g4 Nc6 4. g5 Nb4 5. gxf6 Nxc2+ 6. Kd1 Nxa1 7. fxg7 Bxg7 8.
Qh5+ Ke7 9. Qg5+ Bf6 10. Qf5 d5 11. Qh5 Qd7 12. Bh3 Qa4+ 13. Ke1 Nc2+ 0-1

[Event "Jogo"]
[Site "http://www.queenalice.com/game.php?id=612092"]
[Date "2009.7.2"]
[Round "-"]
[White "IsraelRibeiro"]
[Black "Nica_Pinica"]
[Result "1-0"]
[WhiteElo "1367"]
[BlackElo "1183"]

1. e3 Nf6 2. b3 Nc6 3. Bb2 Ne4 4. Qf3 d5 5. Nh3 Qd7 6. Bb5 e6 7. Bc3 Be7 8. Bxg7
Rg8 9. Bh6 a6 10. Bd3 Nb4 11. Kd1 a5 12. Bxe4 Qc6 13. Bxh7 Qxc2+ 14. Bxc2 a4 15.
bxa4 Rh8 16. Bg7 Rh7 17. Bxh7 Bd7 18. Nc3 Ra5 19. Bg6 Kd8 20. Qxf7 Kc8 21. Qg8+
Bd8 22. Bf6 Nc6 23. Bxd8 b5 24. Be7+ Kb7 25. Rb1 Kb6 26. Nxb5 Rxa4 27. Nc3+ Ka5
28. Nxa4 Na7 29. Bc2 Bxa4 30. Bxa4 Kxa4 31. Qb8 Nc6 32. Qb5# 1-0

[Event "AUTO-OPEN-1606"]
[Site "http://www.queenalice.com/game.php?id=612290"]
[Date "2009.7.2"]
[Round "1"]
[White "luizafonsoe"]
[Black "IsraelRibeiro"]
[Result "1-0"]
[WhiteElo "2032"]
[BlackElo "1442"]

1. e4 e6 2. d4 c5 3. Nf3 Qa5+ 4. Bd2 Qb6 5. Bc3 Nc6 6. d5 exd5 7. exd5 Nd8 8.
Na3 d6 9. Qe2+ Kd7 10. Qe4 Nf6 11. Bxf6 gxf6 12. Nc4 Qb4+ 13. c3 Qa4 14. Nce5+
fxe5 15. Qxa4+ Ke7 16. Qh4+ f6 17. Bd3 Rg8 18. Qxh7+ Rg7 19. Qh4 Bg4 20. Nd2 Nf7
21. Ne4 Kd8 22. Nxf6 1-0

[Event "AUTO-OPEN-1606"]
[Site "http://www.queenalice.com/game.php?id=612291"]
[Date "2009.7.2"]
[Round "1"]
[White "IsraelRibeiro"]
[Black "luizafonsoe"]
[Result "0-1"]
[WhiteElo "1416"]
[BlackElo "2061"]

1. e3 e5 2. Bc4 Nc6 3. Qf3 Nf6 4. Nh3 e4 5. Qd1 d5 6. Bb5 Bg4 7. f3 exf3 8. Nf4
f2+ 9. Kxf2 Ne4+ 10. Kf1 Bxd1 11. Nc3 Bxc2 12. Ncxd5 g5 13. Nf6+ Qxf6 14. Kg1
gxf4 15. exf4 Qxf4 16. h3 Bc5+ 17. d4 Qf2+ 18. Kh2 Qg3+ 19. Kg1 Qf2+ 20. Kh2
Bd6+ 21. Bf4 Bxf4# 0-1

[Event "AUTO-OPEN-1606"]
[Site "http://www.queenalice.com/game.php?id=612312"]
[Date "2009.7.2"]
[Round "1"]
[White "karpovl"]
[Black "IsraelRibeiro"]
[Result "1/2-1/2"]
[WhiteElo "1589"]
[BlackElo "1424"]

1. e4 e6 2. e5 f6 3. Nf3 fxe5 4. Nxe5 Bc5 5. Qf3 Qf6 6. Qh5+ g6 7. Qe2 b6 8. Qe4
d5 9. Qa4+ Kd8 10. Nc6+ Nxc6 11. Qxc6 Rb8 12. f3 Bd7 13. Qxd7+ Kxd7 14. c3 Nh6
15. d4 Bd6 16. Bxh6 Bf4 17. Bb5+ c6 18. Bxf4 cxb5 19. Bxb8 Rxb8 20. b4 a5 21. a3
Rc8 22. O-O h5 23. bxa5 bxa5 24. Ra2 e5 25. a4 bxa4 26. Rxa4 exd4 27. Rxa5 dxc3
28. Rxd5+ Kc6 29. Rd3 c2 30. Rc1 Kb7 31. Rb3+ Kc7 32. Rxc2+ Kd7 33. Rd3+ Ke7 34.
Rxc8 Qb6+ 35. Kf1 Qxb1+ 36. Ke2 Qb2+ 37. Ke3 Qb6+ 38. Kd2 Qa5+ 39. Rcc3 Qg5+ 40.
Re3+ Kf7 41. g3 1/2-1/2

[Event "AUTO-OPEN-1606"]
[Site "http://www.queenalice.com/game.php?id=612313"]
[Date "2009.7.2"]
[Round "1"]
[White "IsraelRibeiro"]
[Black "karpovl"]
[Result "1-0"]
[WhiteElo "1416"]
[BlackElo "1670"]

1. e3 e5 2. Bc4 d5 3. Bb3 Qg5 4. Qf3 e4 5. Qg3 Qxg3 6. hxg3 Nf6 7. Nc3 c6 8. Ba4
Bb4 9. Nd1 O-O 10. c3 Bd6 11. Bc2 Bg4 12. f3 Bxg3+ 13. Kf1 exf3 14. gxf3 Bh5 15.
Ne2 Bxf3 16. Nxg3 Bxh1 17. Nxh1 Nbd7 18. Ndf2 Ne5 19. d4 Nf3 20. Ke2 Ng5 21. Ng3
Rae8 22. Bd2 Re6 23. e4 dxe4 24. Bxg5 Nd5 25. Rh1 f5 26. Bb3 Rg6 27. Bh4 Kh8 28.
Bxd5 cxd5 29. b3 f4 30. Nh5 Rg2 31. c4 e3 32. Kf3 Rg6 33. Be7 Rf7 34. Bc5 exf2
35. Kxf2 b6 36. Ba3 f3 37. Rg1 Rxg1 38. Kxg1 f2+ 39. Kf1 dxc4 40. bxc4 Rf3 41.
Be7 Kg8 42. d5 Kf7 43. Bd6 g6 44. Nf4 Ke8 45. Ne6 Kd7 46. Bb4 h5 47. Nf8+ Ke8
48. Nxg6 a5 49. Bd2 Kd7 50. Ne5+ 1-0

[Event "AUTO-INT-1361"]
[Site "http://www.queenalice.com/game.php?id=612367"]
[Date "2009.7.2"]
[Round "1"]
[White "Givanildo"]
[Black "IsraelRibeiro"]
[Result "0-1"]
[WhiteElo "1549"]
[BlackElo "1376"]

1. e4 e6 2. Bc4 Bc5 3. d4 Bb4+ 4. c3 Ba5 5. b4 Bb6 6. a4 Nf6 7. f3 Nh5 8. g4
Qh4+ 9. Ke2 Ng3+ 10. hxg3 Qxh1 11. Nd2 Qh2+ 12. Kd3 Qxg3 13. a5 d5 14. exd5 O-O
15. Ne4 Qh4 16. Bg5 Qh2 17. Be7 Re8 18. Bf6 exd5 19. Bxd5 Qh6 20. g5 Qg6 21. Qb3
Be6 22. Qa4 c6 23. Bxe6 fxe6 24. Nh3 gxf6 25. Nf4 Qg7 26. Nh5 Qf7 27. Rg1 Qxh5
28. gxf6+ Kf8 29. Qd1 Bc7 30. Rg5 Qh2 31. Rg7 Qf4 32. Rxh7 Na6 33. Rh8+ Kf7 34.
Qh1 Rxh8 35. Qg2 Rag8 36. Qe2 e5 37. Kc2 Rh2 38. Nf2 Rgg2 39. Qc4+ Kxf6 40. Kb3
Rxf2 41. b5 Rb2+ 42. Ka4 cxb5+ 43. Qxb5 Rxb5 44. Kxb5 Qxf3 45. Kc4 exd4 46. cxd4
Rc2+ 47. Kb5 Qb3# 0-1

[Event "AUTO-INT-1361"]
[Site "http://www.queenalice.com/game.php?id=612368"]
[Date "2009.7.2"]
[Round "1"]
[White "IsraelRibeiro"]
[Black "Givanildo"]
[Result "0-1"]
[WhiteElo "1375"]
[BlackElo "1583"]

1. e3 e5 2. Bc4 Bc5 3. Qf3 Nf6 4. Nh3 d5 5. Bb3 Bxh3 6. gxh3 e4 7. Qf4 Bd6 8.
Qf5 Nc6 9. Ba4 O-O 10. c3 g6 11. Qg5 a6 12. h4 Ne5 13. Bc2 Nf3+ 14. Kd1 Nxg5 15.
hxg5 Ng4 16. Rg1 Nxf2+ 17. Ke1 Nh3 18. d3 Bxh2 19. Rg2 Nxg5 20. Kd2 Nf3+ 21. Ke2
Qh4 22. Nd2 Qe1# 0-1

[Event "AUTO-INT-1361"]
[Site "http://www.queenalice.com/game.php?id=612381"]
[Date "2009.7.2"]
[Round "1"]
[White "zecafernandes"]
[Black "IsraelRibeiro"]
[Result "1-0"]
[WhiteElo "1430"]
[BlackElo "1440"]

1. e4 e6 2. e5 Bc5 3. d4 Bb6 4. h4 d6 5. Nf3 d5 6. g3 Nh6 7. Bb5+ c6 8. Bd3 O-O
9. Ng5 g6 10. h5 f6 11. Nf3 gxh5 12. Bxh6 Re8 13. Rxh5 fxe5 14. Rg5+ Kh8 15.
Nxe5 Rf8 16. Bxf8 Qxf8 17. Qh5 Qe7 18. Ng6+ Kg8 19. Nxe7+ Kf8 20. Qxh7 Ke8 21.
Rg8+ Kd7 22. Nxc8# 1-0

[Event "AUTO-INT-1361"]
[Site "http://www.queenalice.com/game.php?id=612382"]
[Date "2009.7.2"]
[Round "1"]
[White "IsraelRibeiro"]
[Black "zecafernandes"]
[Result "0-1"]
[WhiteElo "1431"]
[BlackElo "1446"]

1. e3 e5 2. Bc4 d5 3. Bb3 d4 4. Qf3 Nh6 5. Nh3 f6 6. O-O d3 7. cxd3 Qxd3 8. Qg3
Nf5 9. Qg4 Nd6 10. Be6 Nd7 11. b3 Nc5 12. Bxc8 f5 13. Qh5+ g6 14. Qf3 Nxc8 15.
b4 e4 16. Qf4 Ne6 17. Qe5 Qd7 18. Qxh8 Nd6 19. Qxh7 Qxh7 20. Nf4 Ng5 21. Bb2 Nc4
22. Bf6 Nf7 23. Nd5 Bd6 24. g3 Qh3 25. Nbc3 Nxd2 26. Rfd1 Nf3+ 27. Kh1 Qxh2# 0-1

[Event "AUTO-INT-1361"]
[Site "http://www.queenalice.com/game.php?id=612391"]
[Date "2009.7.2"]
[Round "1"]
[White "IsraelRibeiro"]
[Black "therota2"]
[Result "1-0"]
[WhiteElo "1353"]
[BlackElo "1496"]

1. e3 e5 2. Bc4 f5 3. Qf3 d6 4. Qh5+ g6 5. Qf3 Nf6 6. Nh3 c5 7. Ng5 Nc6 8. Nf7
Qa5 9. Nxh8 Ne4 10. O-O Ng5 11. Qd1 b5 12. Bd5 Bb7 13. f4 exf4 14. exf4 Nh3+ 15.
gxh3 Qd8 16. Nf7 Qh4 17. Qe2+ Be7 18. Re1 Nd4 19. Qxe7+ 1-0

[Event "Primeira"]
[Site "http://www.queenalice.com/game.php?id=619867"]
[Date "2009.7.16"]
[Round "-"]
[White "IsraelRibeiro"]
[Black "tsabadini"]
[Result "1-0"]
[WhiteElo "1399"]
[BlackElo "1264"]

1. e3 e5 2. Bc4 d5 3. Bb3 c6 4. c4 Nf6 5. cxd5 cxd5 6. Nh3 Bxh3 7. gxh3 d4 8.
Qf3 Nc6 9. Na3 Bxa3 10. bxa3 O-O 11. Qg3 Ne4 12. Qg4 Nf6 13. Qg3 Nh5 14. Qg4 g6
15. O-O b5 16. Qf3 Nf6 17. Qxc6 Rc8 18. Qxb5 dxe3 19. fxe3 Rb8 20. Qxe5 h5 21.
Rxf6 Rb6 22. Rxb6 axb6 23. Bb2 1-0